| 000 | 00718cam a22002292 4500 | ||
|---|---|---|---|
| 001 | 0000024586 | ||
| 005 | 20151217152304.0 | ||
| 008 | 140109s xx 000 0 eng d | ||
| 020 | _a0199208876 : | ||
| 040 |
_aKABU _cKABU |
||
| 100 | 1 |
_aParijs, Philippe Van. _@0000184921 |
|
| 245 | 1 | 0 |
_aLinguistic justice for Europe and for the world / _cPhilippe Van Parijs. |
| 250 | _a1st ed. | ||
| 260 |
_aOxford : _bO. U. P., _c2011. |
||
| 300 | _axi, 299 p. | ||
| 650 | 0 |
_aLingua francas. _@0000184922 |
|
| 650 | 0 |
_aEnglish language _xForeign countries. _@0000184923 |
|
| 650 | 0 |
_aLanguage policy. _@0000161064 |
|
| 852 | 1 | _9p3915 KES | |
| 908 | _a140109 | ||
| 950 | _@1 | ||
| 999 |
_c10355 _d10355 |
||